| 000 | 00839nam1a22002411i 4500 | ||
|---|---|---|---|
| 001 | rc\1121535 | ||
| 005 | 20240725233531.0 | ||
| 035 | _a(NLR Aleph) 006381430 | ||
| 090 |
_a5083140 _c5083140 |
||
| 100 | _a20041126g19819999u |0rusy50 ca | ||
| 101 | 0 | _arus | |
| 102 | _aRU | ||
| 105 | _ay ||||||||| | ||
| 200 | 1 |
_aИстория Украинской ССР _eВ 10 т. _fГл. редкол.: Ю.Ю. Кондуфор (гл. ред.) и др. |
|
| 210 |
_aКиев _cНаукова думка _d1981- |
||
| 215 | _d24 | ||
| 300 | _aВ надзаг.: АН УССР, Ин-т истории, Ин-т археологии | ||
| 702 | 1 |
_aКондуфор _bЮ.Ю. _gЮрий Юрьевич _4340 |
|
| 712 | 0 | 2 |
_aИнститут истории _cКиев |
| 801 | 0 |
_aRU _bNLR _gpsbo |
|
| 801 | 1 |
_aRU _bELAR _2rusmarc |
|
| 852 |
_aNLR _j82-7/928 |
||
| 942 | _cBOOK | ||